000 00765nam a2200265Ia 4500
003 OSt
005 20221006160011.0
006 a|||||r|||| 00| 0
007 ta
008 221006b |||||||| |||| 00| 0 eng d
020 _a9780231149464
_c
_87.18
024 _a44,037
037 _bGift, Korean Embassy (Window on Korea)
_cTextual
040 _aEASL
_cEASL
_beng
041 _2eng
_aeng
082 _a0495,2x, P9
100 _aNICHOLS Richard
_9671435
245 0 _aModern korean drama
_b Anthology
260 _aNY
_bColumbia University Press
_c2008
300 _ap.
_ccm.
490 _v KEL
650 _aKEL
942 _h0495,2x, P9
_cTEXL
_2CC
999 _c1112129
_d1112129